000 01138nam1a2200289 i 4500
001 RU\NLR\bibl\316497
005 20260406152117.0
035 _a(NLR Aleph) 000311579
090 _a41009
_c41009
100 _a20021009g19989999u y0rusy50 ca
101 0 _arus
102 _aRU
105 _a||||z |||||
200 1 _aВоронежский некрополь
_fВоронеж. епархия, Воронеж. обл. науч. б-ка им. И.С. Никитина
_gСост. и авт. вступ. ст. А.Н. Акиньшин и др.
210 _aВоронеж
_cБ.и.
_d1998
215 _d20
463 0 _1001312654
606 _aКладбища
_yВоронеж, город
_92117091
_3RU\NLR\auth\661278835
686 _aТ3(2Р-4Вр)
702 1 _aАкиньшин
_bА. Н.
_gАлександр Николаевич
_4220
712 0 2 _4570
_aВоронежская епархия
_3RU\NLR\AUTH\889927594
_9350812
801 0 _aRU
_bNLR
_c20021009
_gPSBO
801 1 _aRU
_bNLR
_c20021009
830 _aСост. по др. изд.
852 _aNLR
_j2002-4/11115
942 _cBOOK